Lo grande, lo pequeño y la mente humana

Đã lưu trong:
Chi tiết về thư mục
Tác giả chính: Penrose, Roger (Tác giả)
Định dạng: Sách
Ngôn ngữ:Tiếng Tây Ban Nha
Được phát hành: Madrid Cambridge 1999
Phiên bản:1a. ed
Những chủ đề:
Các nhãn: Thêm thẻ
Không có thẻ, Là người đầu tiên thẻ bản ghi này!

MARC

LEADER 00000nam a2200000 a 4500
001 UCJ2920
003 CL-VaPUC
008 070119e19990000SP |||||||||||||||||spa|d
020 |a 848323047X 
082 0 4 |a 006.3  |b PEN  |2 21 
100 0 |a Penrose, Roger  |e author  |9 503987 
245 1 3 |a Lo grande, lo pequeño y la mente humana 
250 |a 1a. ed 
300 |a 151 p 
942 |c BK 
945 |d 20070119 00:00:00  |a jtorresc 
260 |a Madrid  |b Cambridge  |c 1999 
500 |a Donación de la Dra. Marianne Peronard Thierry 
650 7 |a INTELIGENCIA ARTIFICIAL  |2 CL-VaPUC  |9 503988 
650 0 |a Física cuántica  |9 354949 
650 7 |a TEOREMA DE GODEL  |2 CL-VaPUC  |9 270664 
650 0 |a Antropología filosófica  |9 265842 
650 7 |a MECANICISMO  |2 CL-VaPUC  |9 454648 
650 0 |a Determinismo  |9 322357 
650 0 |a Platonismo  |9 265673 
650 0 |a Neurobiología   |9 269798 
583 |a last modification  |c 20121001 11:01:35  |k Rodrigo Vera 
999 |c 319049  |d 319047 
952 |0 0  |1 0  |4 0  |6 006_300000000000000_PEN_1999  |7 0  |8 A  |9 397284  |a FDOPOS  |b FDOPOS  |d 2019-11-22  |i 4318110  |o 006.3 PEN 1999  |p 4318110  |r 2025-01-22  |w 2019-11-22  |y BK  |k MLA